| 000 | 00728nam a2200217 a 4500 | ||
|---|---|---|---|
| 005 | 20240614063714.0 | ||
| 008 | 991125s1963 new 000 0 eng u | ||
| 035 | _aUPN01000048123 | ||
| 049 | _aCG | ||
| 050 | 4 | _aPE1097 C4.6 | |
| 100 | 1 | _aClarey, M. Elizabeth | |
| 245 | 1 | 0 |
_aPronunciation exercises in english / _cby M. Elizabeth Clarey and Robert J. Dixson. -- Rev. ed |
| 260 |
_aNew York : _bRegents, _c1963 |
||
| 300 | _a142 p | ||
| 440 | 0 | _aEnglish asa foreign language series | |
| 500 | _a"Including drills for the correction of faulty accent and intonation" | ||
| 650 | 4 |
_aInglés _xEstudio y enseñanza _918 |
|
| 700 | 1 |
_aDixson, Robert James, _d1908-1963 _ecoaut. _930894 |
|
| 904 |
_aAC _b048125 |
||
| 905 | _aLibro | ||
| 999 |
_c48123 _d48123 |
||